Financie a riziko zborník príspevkov z XV. ročníka medzinárodnej vedeckej konferencie : Bratislava, 25. - 26. novembra 2013

Gespeichert in:
Bibliographische Detailangaben
Körperschaften: Financie a riziko. Medzinárodná vedecká konferencia, Národohospodárska fakulta EU. Katedra financií
Weitere Verfasser: Neupauerová, Zuzana, Janečková, Dominika, Sivák, Rudolf, 1955-, Ochotnický, Pavol
Format: Buch
Sprache:Slowakisch
Veröffentlicht: Bratislava Vydavateľstvo EKONÓM 2013
Schlagworte:
Tags: Tag hinzufügen
Keine Tags, Fügen Sie das erste Tag hinzu!

MARC

LEADER 00000nlm a2200000 4500
001 0183119
005 20240523075422.7
020 |a 978-80-225-3765-0 
041 0 |a slo 
044 |a SK 
245 1 0 |a Financie a riziko  |b zborník príspevkov z XV. ročníka medzinárodnej vedeckej konferencie : Bratislava, 25. - 26. novembra 2013  |c zostavovateľské práce: Zuzana Neupauerová, Dominika Janečková ; recenzenti: Rudolf Sivák, Pavol Ochotnický 
264 1 |a Bratislava  |b Vydavateľstvo EKONÓM  |c 2013 
300 |a CD-ROM [736 s., 36,9 AH] 
610 2 0 |a financie 
610 2 0 |a podnikanie 
610 2 0 |a riziko finančné 
610 2 0 |a financie verejné 
610 2 0 |a trh finančný 
700 1 |a Neupauerová, Zuzana 
700 1 |a Janečková, Dominika 
700 1 |a Sivák, Rudolf, 1955- 
700 1 |a Ochotnický, Pavol 
110 2 |a Financie a riziko. Medzinárodná vedecká konferencia 
710 2 |a Národohospodárska fakulta EU. Katedra financií